000 01527nam2a2200289 4500
001 RU\NLR\bibl\491354
005 20250623195304.0
010 _a5-246-00668-9
021 _aRU
_b2003-72297
_93585
035 _a(NLR Aleph) 000484025
090 _a1071730
_c1071730
100 _a20040216d2003 |||y0rusy50 ca
101 0 _arus
102 _aRU
105 _ay |||||||||
200 1 _aСНГ
210 _d2003
_aБ. м.
215 _a354,[1] c.
_d21
320 _aУказатели: с. 11-74
461 0 _1001RU\NLR\bibl\499845
_12001#$aБизнес-карта-2003. [Промышленность. Отрасль. Деловые справочники]$vТ. 10-2
_91122284
_cМ.
_d2003
_fАгентство деловой информации [Бизнес-карта]
_iПищевая промышленность. Кондитерские изделия. Пищеконцентраты. Сахар. Чай. кофе. Макаронные изделия
_nАДИ "Бизнес-карта"
_tБизнес-карта-2003. [Промышленность. Отрасль. Деловые справочники]
_vТ. 10-2
606 1 _aПищевкусовая промышленность
_jБизнес-карты
_yСтраны СНГ
_92137826
_3RU\NLR\auth\661288890
606 1 _aПищевая промышленность
_jБизнес-карты
_yСтраны СНГ
_92188550
_3RU\NLR\auth\661315727
801 0 _aRU
_bNLR
_c20040216
_gPSBO
801 1 _aRU
_bNLR
_c20040216
942 _cBOOK
980 _aNB